| 000 | 01085cam a22002771i 4500 | ||
|---|---|---|---|
| 003 | SA-RiAUC | ||
| 005 | 20250731064828.0 | ||
| 008 | 250729s1996 sy g 00000cara c | ||
| 040 |
_aSA-RiAUC _bara _cSA-RiAUC _erda |
||
| 043 | _aa-su--- | ||
| 050 | 4 | _bA23 1996 | |
| 082 | 0 | 4 |
_a923.1 _qSA-RiAUC |
| 090 |
_a923.1 _b ع ب د غ |
||
| 100 | 1 |
_aعبد الغني، عارف أحمد. _eمؤلف. |
|
| 245 | 1 | 0 |
_aتاريخ أمراء المدينة المنورة 1 هـ-1417 هـ. / _cتأليف عارف أحمد عبد الغني. |
| 264 | 1 |
_aدمشق : _bدار كنان للطباعة والنشر، _c1996 |
|
| 300 |
_a528 صفحة ؛ _c24 سم. |
||
| 336 |
_aنص _btxt _2rdacontent _3كتاب |
||
| 337 |
_aبدون وسيط _bn _2rdamedia |
||
| 338 |
_aمجلد _bnc _2rdacarrier |
||
| 490 | 0 | _aسلسلة كتب تواريخ المدن | |
| 651 | 7 |
_aالمدينة المنورة _xتاريخ _2aucsh |
|
| 651 | 7 |
_aالمدينة المنورة _xملوك وحكام _vتراجم _2aucsh |
|
| 942 |
_2ddc _cBOOK _n0 |
||
| 949 |
_aSA-JeALM _d250729 _umohamedma123 _n1 |
||
| 999 |
_c10409 _d10409 |
||